Famous Faces - October Birthdays - Statistics

General Stats
  • This quiz has been taken 330 times
  • The average score is 13 of 31
Answer Stats
Picture Hint Answer % Correct
October 2, 1896 Mahatma Gandhi
96%
October 28, 1955 Bill Gates
84%
October 8, 1985 Bruno Mars
84%
October 13, 1925 Margaret Thatcher
84%
October 23, 1940 Pelé
80%
October 24, 1986 Drake
71%
October 14, 1890 Dwight D. Eisenhower
68%
October 12, 1968 Hugh Jackman
67%
October 5, 1975 Kate Winslet
61%
October 1, 1956 Theresa May
56%
October 9, 1966 David Cameron
51%
October 29, 1971 Winona Ryder
51%
October 3, 1969 Gwen Stefani
49%
October 7, 1931 Desmond Tutu
48%
October 21, 1956 Carrie Fisher
41%
October 30, 1735 John Adams
41%
October 16, 1997 Naomi Osaka
41%
October 19, 1962 Evander Holyfield
33%
October 26, 1879 Leon Trotsky
33%
October 11, 1884 Eleanor Roosevelt
32%
October 10, 1973 Mario Lopez
26%
October 15, 1844 Friedrich Nietzsche
23%
October 18, 1919 Pierre Trudeau
20%
October 25, 1881 Pablo Picasso
18%
October 4, 1822 Rutherford B. Hayes
18%
October 20, 1931 Mickey Mantle
15%
October 17, 1915 Arthur Miller
8%
October 31, 1795 John Keats
8%
October 27, 1932 Sylvia Plath
8%
October 22, 1811 Franz Liszt
4%
October 6, 1767 Henri Christophe
0%
No matching quizzes found
Score Distribution
Percent of People with Each Score
Percentile by Number Answered
Your Score History
You have not taken this quiz